00309 a2200109 4500001001000000005001700010008004100027245002800068100002500096773006100121999001700182ART_2394820260410161933.0260409a 10aIntercambio con Japón1 aVidal Serin, Antonio0 tInformeg- Año VIII, Nº 46 (ene./mar. 1976)wREV23765 c28750d28750